Представление документа в формате RUSMARC

ПолеНазваниеЗначение
  Тип записи a
  Библиографический уровень m
001 Контрольный номер RU/SLIB/B/208734066
005 Дата корректировки 20201206204032.2
010 Индекс ISBN __
d Цена 12000-00
101 Язык документа __
a Язык текста rus
200 Заглавие и сведения об ответственности 0_
a Заглавие Честь мундира: Чины. Традиции. Лица. Русская армия от Петра I до Николая II
b Общее обозначение материала Текст
210 Выходные данные __
a Место издания М.
c Издательство Республика
d Дата издания 1994
215 Физическое описание __
a Объем 304 с.
c Иллюстрации/тип воспроизводства ил.
600 Персоналии __
a Персоналии (Фамилия) Петр
600 Персоналии __
a Персоналии (Фамилия) Николай
606 Тематические рубрики __
a Основная рубрика Вооруженные силы СССР и России
y Географическая подрубрика Россия
610 Ключевые слова __
a Ключевые слова военная форма; мундиры; атрибутика; русская армия
686 Индексы других классификаций __
a Классификационный индекс 68.41(2)
686 Индексы других классификаций __
a Классификационный индекс 63.3(2)46
700 Автор _0
a Фамилия Охлябинин
b Имя С. Д.
4 Код отношения 070
801 Источник записи _0
a Страна RU
b Организация Муниципальное бюджетное учреждение культуры "Централизованная библиотечная система" г. Сургут (Центральная городская библиотека им. А. С. Пушкина)
g Правила каталогизации КиК/Уланова
801 Источник записи _1
a Страна RU
b Организация Муниципальное бюджетное учреждение культуры "Централизованная библиотечная система" г. Сургут (Центральная городская библиотека им. А. С. Пушкина)
g Правила каталогизации КиК/Уланова
852 Данные о местонахождении __
j Шифр хранения 68.41(2)
c Каталожный индекс 68.49(2)г, 63.3(2)46
i Авторский знак О-92
p Инвентарный номер 55282
901 Тип документа __
t Тип документа m
990 Данные о заказе (DOS) __
j Количество экземпляров (DOS) 2